Statystyki dla najdrożsi piłkarze reprezentacji Polski w piłce nożnej

Kliknij tutaj aby rozwiązać quiz!

Ogólne statystyki

  • Ten quiz został rozwiązany 404 razy
  • Średni wynik to 10 z 15

Statystyki odpowiedzi

HintOdpowiedźWartośćWiek% Poprawnych
1Robert Lewandowski45,00 mln €34
100%
7Wojciech Szczęsny13,00 mln €32
94%
2Piotr Zieliński40,00 mln €28
91%
10Arkadiusz Milik10,00 mln €28
90%
3Matty Cash22,00 mln €25
76%
9Krzysztof Piątek11,00 mln €27
71%
5Nicola Zalewski15,00 mln €20
69%
4Jan Bednarek18,00 mln €26
62%
12Jakub Kiwior8,00 mln €22
59%
6Sebastian Szymański14,00 mln €23
55%
11Jakub Kamiński10,00 mln €20
46%
14Przemysław Frankowski7,00 mln €27
43%
8Jakub Moder12,00 mln €23
42%
15Adam Buksa7,00 mln €26
33%
13Kacper Kozłowski8,00 mln €19
26%

Rozkład punktacji

Percentyl według liczby udzielonych odpowiedzi

Procent ludzi z każdym wynikiem

Twoja historia wyników

Nie rozwiązałeś tego quizu